00780 am a2200205 a 450000500170000000800410001702000150005804100080007310000280008124500790010925000210018826000600020930000160026950001300028565300390041565300480045465300220050265300190052465300310054320231218132629.0100909s1996||||ag a f |||| 001 0 spa d a9500614952 aspa1 aMargni, Ricardo Anibal. aInmunología e inmuniquímica. bFundamentos / cRicardo Anibal Margni. a5a ed. 3a reimp. aBuenos Aires: bEditorial Médica Panamericana;c1996. a976 p.bil. aMargni, R. A. (1996). Inmunología e inmuniquímica. Fundamentos. (5a ed.). Buenos Aires : Editorial Médica Panamericana. aAspectos básicos de la inmunidad aMecanismos efectores de la respuesta inmune aInmunopatología aMetodologías aMétodos inmunoquímicos